ROTUNNO E LA FOTOGRAFIA (Record n. 108087)

Dettagli MARC
000 -LEADER
fixed length control field 00962agaaa2200253 4500
001 - CONTROL NUMBER
control field 7360
003 - CONTROL NUMBER IDENTIFIER
control field IT-RoPAU
005 - DATE AND TIME OF LATEST TRANSACTION
control field 20220918181305.0
007 - PHYSICAL DESCRIPTION FIXED FIELD--GENERAL INFORMATION
fixed length control field d cvaizq
008 - FIXED-LENGTH DATA ELEMENTS--GENERAL INFORMATION
fixed length control field 50131s9999||||xx ||| | || ||und||
040 ## - CATALOGING SOURCE
Original cataloging agency IT-RoPAU
Transcribing agency IT-RoPAU
041 ## - LANGUAGE CODE
Language code of text/sound track or separate title ITALIANO
100 ## - MAIN ENTRY--PERSONAL NAME
Personal name Debenedetti Antonio
Miscellaneous information Codice regista SPICS: 17208
9 (RLIN) 54489
130 ## - MAIN ENTRY--UNIFORM TITLE
Uniform title ROTUNNO E LA FOTOGRAFIA
9 (RLIN) 54490
245 ## - TITLE STATEMENT
Title ROTUNNO E LA FOTOGRAFIA
Statement of responsibility, etc. Diretto da: Debenedetti Antonio
Name of part/section of a work ROTUNNO E LA FOTOGRAFIA (Rif. Codice opera principale : 37360)
250 ## - EDITION STATEMENT
Edition statement Edizione Standard
260 ## - PUBLICATION, DISTRIBUTION, ETC. (IMPRINT)
Place of publication, distribution, etc. ROMA (ITALIA)
Name of publisher, distributor, etc. RAI - RADIO TELEVISIONE ITALIANA / Distribuzione: RAI
Date of manufacture "1985 (1° ed.: 1985 ; Ed. Lingua Orig.: 1985)"
300 ## - PHYSICAL DESCRIPTION
Extent VHS
Other physical details sonoro, col.
538 ## - SYSTEM DETAILS NOTE
System details note PAL, STEREO
546 ## - LANGUAGE NOTE
Language note ITALIANO
650 ## - SUBJECT ADDED ENTRY--TOPICAL TERM
Topical term or geographic name as entry element INTERVISTA
Relator term STUDI SUL CINEMA [VHS]
General subdivision Codice MATERIA SPICS: 9959
9 (RLIN) 54491
700 ## - ADDED ENTRY--PERSONAL NAME
Personal name Debenedetti Antonio
Relator term (regista)
Miscellaneous information Codice regista SPICS: 17208
9 (RLIN) 54492
942 ## - ADDED ENTRY ELEMENTS (KOHA)
Koha item type VHS - VIDEO
Source of classification or shelving scheme Dewey Decimal Classification
Dati di copia
Withdrawn status Lost status Damaged status Not for loan Home library Current library Date acquired Total Checkouts Full call number Date last seen Price effective from Koha item type Public note
    Buone Condizioni Not For Loan SPICS-MEDIATECA SPICS-MEDIATECA 31/01/2015   37360 31/01/2015 31/01/2015 VHS - VIDEO Progr. Ins.: 1971 / N.Vol.:1 / Copie: 1 / Pag.: / Copia rara: n.d. / date import: 1.2.2015 / By Epidotti, Trombetti, Vaglietti
CREDITS: SOCIETA' SAN PAOLO Via A.Severo, 58 - ROMA (RM) & PERIODICI SAN PAOLO SRL Via Giotto, 36 MILANO & CISF Via Giotto, 36 MILANO & EDIZIONI SAN PAOLO SRL,  Piazza Soncino, 5 CINISELLO BALSAMO (MI) -- ITALY